000
00188 a2200097 4500
001
8009
100
_a
Riesenberg, F
245
_a
Sea war
260
_a
_b
Rinchart
_c
090
_c
6417
_d
6417
942
_a
NUST-CAE
_c
M
_c
32953
999
_c
243082
_d
243082